000 00489nab a2200145Ia 4500
003 ES-SlBCS
005 20210601124325.0
008 140529s1994 xxu||||| |||| 00| 0 eng d
041 _aeng
100 1 _aAnderson, Gary L.
_9139742
245 0 4 _aThe Cultural Politics of Qualitative Research in Education: Confirming and Contesting the Canon
_c Gary L. Anderson
650 0 4 _aEducación
_986687
773 0 _tEducational Theory
_gvol. 44, nº. 2, 1994, págs. 225-237
_wRev1399
942 _cAR
999 _c512944
_d512944